000 00449nam a2200169Ia 4500
003 GCL
008 140319s9999 xx 000 0 ara d
040 _aGCL /
_cGCL
082 0 4 _aد
_b050
100 1 _aاحمد عبدالمجيد
245 1 0 _aرحلة مع الظرفاء (اقرا 416 ) /
_cاحمد عبدالمجيد
300 _a247
490 _aاقرأ
_v0
650 0 4 _aالفكاهة
650 0 4 _aالفكاهات
942 _2ddc
_cBK
999 _c49080
_d49080